Giuristi poteri istituzioni. Scritti di Diritto Romano

Detalles Bibliográficos
Autor principal: Giodice Sabbatelli, Venanzia
Formato: eBook
Lenguaje:italiano
Publicado: Bari : Cacucci Editore, 2013
Materias:
Acceso en línea:Acceso restringido

MARC

LEADER 00000nam a22000007a 4500
005 20140129182140.0
007 cr|||| ||||
008 140129s2013 it |||||s|||| 00||0 ita d
020 |a 978-88-6611-289-1 
035 |a 11775 
040 |a vLex 
090 |c 4696  |d 4696 
100 1 |a Giodice Sabbatelli, Venanzia 
245 1 0 |a Giuristi poteri istituzioni. Scritti di Diritto Romano  |h [Recurso electrn̤ico] /  |c Venanzia Giodice Sabbatelli  
256 |a Servicio en ln̕ea 
260 |a Bari :  |b Cacucci Editore,   |c 2013 
300 |a 1 recurso electrn̤ico 
506 1 |a Contenido disponible en los productos indicados  |d vLex Global  |d vLex Global (Academic Edition, excluding Law Schools)  |d vLex Global (U.S. Academic Edition, Law Schools)  |d vLex Global (U.S. Academic Edition, excluding Law Schools)  |d vLex Global (Academic Edition, Law Schools) 
650 0 4 |a Derecho romano  |z Italia 
740 0 |a vLex Libros (Servicio en ln̕ea) 
856 4 0 |u http://vlex.com/source/giuristi-poteri-istituzioni-scritti-di-diritto-romano-11775  |z Acceso restringido 
942 |c BOOK 
999 0 |a Roman law